[Event "2016 South Wales International"]
[Site "Cardiff"]
[Date "2016.07.08"]
[Round "3"]
[Board "13"]
[White "Parry, Matthew"]
[Black "Longson, Sarah N"]
[Result "0-1"]
[WhiteElo "1909"]
[BlackElo "2117"]
[PlyCount "0"]
[EventDate "2016.07.07"]
[EventRounds "10"]
[EventCountry "WLS"]

1. d4 {[%clk 1:30:30]} d5 {[%clk 1:30:52]} 2. Nf3 {[%clk 1:30:46]} Nf6
{[%clk 1:31:18]} 3. e3 {[%clk 1:31:00]} e6 {[%clk 1:30:12]} 4. Bd3
{[%clk 1:31:22]} c5 {[%clk 1:30:15]} 5. c3 {[%clk 1:31:40]} Nbd7 {[%clk 1:28:13]}
6. Nbd2 {[%clk 1:31:44]} Bd6 {[%clk 1:27:57]} 7. O-O {[%clk 1:31:47]} O-O
{[%clk 1:25:46]} 8. Re1 {[%clk 1:22:37]} e5 {[%clk 1:22:02]} 9. dxe5
{[%clk 1:20:03]} Nxe5 {[%clk 1:21:31]} 10. Nxe5 {[%clk 1:19:24]} Bxe5
{[%clk 1:21:54]} 11. e4 {[%clk 1:10:07]} Bg4 {[%clk 1:03:31]} 12. Be2
{[%clk 1:03:51]} Bxe2 {[%clk 1:03:25]} 13. Qxe2 {[%clk 1:00:47]} Re8
{[%clk 0:59:14]} 14. g3 {[%clk 0:57:25]} Bc7 {[%clk 0:48:57]} 15. c4
{[%clk 0:49:13]} dxe4 {[%clk 0:42:50]} 16. Nf1 {[%clk 0:49:05]} Nd7
{[%clk 0:37:22]} 17. Qg4 {[%clk 0:47:00]} Ne5 {[%clk 0:35:53]} 18. Qxe4
{[%clk 0:42:39]} Nf3+ {[%clk 0:30:41]} 19. Qxf3 {[%clk 0:43:02]} Rxe1
{[%clk 0:31:06]} 20. Bg5 {[%clk 0:43:03]} Rxf1+ {[%clk 0:28:52]} 21. Kxf1
{[%clk 0:43:22]} Qxg5 {[%clk 0:29:09]} 22. Qxb7 {[%clk 0:43:47]} Qd8
{[%clk 0:29:27]} 23. Kg2 {[%clk 0:42:24]} Rb8 {[%clk 0:25:16]} 24. Qc6
{[%clk 0:37:42]} Qd6 {[%clk 0:25:05]} 25. Qxd6 {[%clk 0:35:30]} Bxd6
{[%clk 0:25:31]} 26. Rd1 {[%clk 0:34:34]} Rb6 {[%clk 0:25:43]} 27. Kf3
{[%clk 0:34:32]} Kf8 {[%clk 0:26:04]} 28. b3 {[%clk 0:34:11]} Ke7
{[%clk 0:26:23]} 29. Ke4 {[%clk 0:34:34]} a5 {[%clk 0:26:33]} 30. Rd2
{[%clk 0:34:05]} a4 {[%clk 0:24:45]} 31. bxa4 {[%clk 0:33:37]} Rb4
{[%clk 0:24:52]} 32. Kd5 {[%clk 0:33:55]} Rxa4 {[%clk 0:17:37]} 33. Rb2
{[%clk 0:33:37]} Ra6 {[%clk 0:17:02]} 34. a4 {[%clk 0:31:36]} Kf6
{[%clk 0:16:43]} 35. Ra2 {[%clk 0:29:24]} Be7 {[%clk 0:16:44]} 36. f4
{[%clk 0:29:01]} Kf5 {[%clk 0:16:08]} 37. h3 {[%clk 0:29:09]} Rd6+
{[%clk 0:14:15]} 0-1

[Event "2016 South Wales International"]
[Site "Cardiff"]
[Date "2016.07.08"]
[Round "3"]
[Board "14"]
[White "Wagner, Guy"]
[Black "Bullen, Alex"]
[Result "0-1"]
[WhiteElo "1817"]
[BlackElo "2045"]
[PlyCount "0"]
[EventDate "2016.07.07"]
[EventRounds "10"]
[EventCountry "WLS"]

1. f4 {[%clk 1:30:58]} g6 {[%clk 1:30:14]} 2. Nf3 {[%clk 1:31:04]} Bg7
{[%clk 1:30:34]} 3. Nc3 {[%clk 1:31:20]} c5 {[%clk 1:30:22]} 4. e4
{[%clk 1:31:40]} e6 {[%clk 1:30:31]} 5. a4 {[%clk 1:28:55]} d5 {[%clk 1:28:39]}
6. Bb5+ {[%clk 1:27:50]} Nc6 {[%clk 1:28:25]} 7. Bxc6+ {[%clk 1:26:59]} bxc6
{[%clk 1:28:43]} 8. O-O {[%clk 1:25:37]} Ba6 {[%clk 1:25:15]} 9. Re1
{[%clk 1:21:42]} Ne7 {[%clk 1:25:11]} 10. Rb1 {[%clk 1:17:47]} Rb8
{[%clk 1:24:51]} 11. b3 {[%clk 1:13:57]} d4 {[%clk 1:17:17]} 12. Ne2
{[%clk 1:13:45]} d3 {[%clk 1:17:20]} 13. Ng3 {[%clk 1:09:17]} dxc2
{[%clk 1:17:22]} 14. Qxc2 {[%clk 1:09:36]} Bd3 {[%clk 1:17:24]} 15. Qxc5
{[%clk 1:05:17]} Bxb1 {[%clk 1:17:30]} 16. Kh1 {[%clk 1:05:13]} Qb6
{[%clk 1:15:57]} 17. Qg5 {[%clk 1:04:41]} Qxb3 {[%clk 1:04:18]} 18. f5
{[%clk 1:01:45]} f6 {[%clk 1:03:49]} 19. Qh4 {[%clk 0:47:01]} e5 {[%clk 0:59:40]}
20. d4 {[%clk 0:43:56]} exd4 {[%clk 0:52:54]} 21. e5 {[%clk 0:41:19]} O-O
{[%clk 0:51:14]} 22. exf6 {[%clk 0:37:52]} Bxf6 {[%clk 0:50:41]} 23. Bg5
{[%clk 0:36:52]} Qf7 {[%clk 0:37:48]} 24. Bxf6 {[%clk 0:28:53]} Qxf6
{[%clk 0:37:38]} 25. Ng5 {[%clk 0:28:07]} h6 {[%clk 0:33:36]} 26. Qxh6
{[%clk 0:13:35]} Qh8 {[%clk 0:33:54]} 27. Qxh8+ {[%clk 0:11:40]} Kxh8
{[%clk 0:34:15]} 28. Rxe7 {[%clk 0:12:02]} Bxf5 {[%clk 0:34:26]} 29. h4
{[%clk 0:10:52]} d3 {[%clk 0:32:15]} 30. Nxf5 {[%clk 0:10:19]} Rxf5
{[%clk 0:31:42]} 31. Rd7 {[%clk 0:05:43]} Rd5 {[%clk 0:30:53]} 32. Nf7+
{[%clk 0:05:32]} Kg8 {[%clk 0:31:03]} 33. Nh6+ {[%clk 0:02:03]} Kf8
{[%clk 0:31:20]} 34. Rf7+ {[%clk 0:02:13]} Ke8 {[%clk 0:31:42]} 35. Rf1
{[%clk 0:00:33]} d2 {[%clk 0:32:01]} 36. Ng8 {[%clk 0:00:58]} d1=Q
{[%clk 0:31:44]} 37. Nf6+ {[%clk 0:01:10]} Kd8 {[%clk 0:32:04]} 38. Nxd5
{[%clk 0:01:36]} 0-1

[Event "2016 South Wales International"]
[Site "Cardiff"]
[Date "2016.07.08"]
[Round "3"]
[Board "15"]
[White "Higgs, Joshua"]
[Black "Chung, Ethan Cheung Jing"]
[Result "1-0"]
[WhiteElo "2003"]
[BlackElo "1322"]
[PlyCount "0"]
[EventDate "2016.07.07"]
[EventRounds "10"]
[EventCountry "WLS"]

1. e4 {[%clk 1:30:57]} e6 {[%clk 1:30:57]} 2. d4 {[%clk 1:31:20]} d5
{[%clk 1:31:21]} 3. Nc3 {[%clk 1:31:46]} dxe4 {[%clk 1:31:22]} 4. Nxe4
{[%clk 1:32:09]} Nd7 {[%clk 1:31:38]} 5. Nf3 {[%clk 1:32:02]} Ngf6
{[%clk 1:31:57]} 6. Bd3 {[%clk 1:32:06]} Be7 {[%clk 1:32:10]} 7. O-O
{[%clk 1:31:17]} O-O {[%clk 1:32:02]} 8. c3 {[%clk 1:31:20]} b6 {[%clk 1:31:26]}
9. Qc2 {[%clk 1:27:22]} g6 {[%clk 1:28:12]} 10. Bh6 {[%clk 1:19:43]} Re8
{[%clk 1:28:19]} 11. Ne5 {[%clk 1:06:52]} Bb7 {[%clk 1:21:56]} 12. Nxf7
{[%clk 1:05:09]} Qc8 {[%clk 1:18:04]} 13. Neg5 {[%clk 0:59:29]} Nf8
{[%clk 1:17:19]} 14. Bxf8 {[%clk 0:59:25]} Kxf8 {[%clk 1:13:28]} 15. Bxg6
{[%clk 0:58:59]} hxg6 {[%clk 1:11:25]} 16. Qxg6 {[%clk 0:59:22]} Be4
{[%clk 1:11:16]} 17. Qh6+ {[%clk 0:59:45]} 1-0

[Event "2016 South Wales International"]
[Site "Cardiff"]
[Date "2016.07.08"]
[Round "3"]
[Board "16"]
[White "Waterfield, John W"]
[Black "Gosling, Brian G E"]
[Result "1-0"]
[WhiteElo "1980"]
[BlackElo "1842"]
[PlyCount "0"]
[EventDate "2016.07.07"]
[EventRounds "10"]
[EventCountry "WLS"]

1. e4 {[%clk 1:30:56]} e6 {[%clk 1:30:54]} 2. d4 {[%clk 1:31:21]} d5
{[%clk 1:31:20]} 3. Nc3 {[%clk 1:31:46]} dxe4 {[%clk 1:31:43]} 4. Nxe4
{[%clk 1:32:10]} Bd7 {[%clk 1:31:49]} 5. Bd3 {[%clk 1:32:02]} Bc6
{[%clk 1:31:39]} 6. Nf3 {[%clk 1:31:38]} Nd7 {[%clk 1:31:42]} 7. O-O
{[%clk 1:30:41]} Ngf6 {[%clk 1:31:38]} 8. Neg5 {[%clk 1:22:53]} Bd6
{[%clk 1:20:14]} 9. Re1 {[%clk 1:22:28]} Bxf3 {[%clk 1:15:29]} 10. Qxf3
{[%clk 1:21:03]} Qe7 {[%clk 1:01:46]} 11. c4 {[%clk 1:13:42]} c5 {[%clk 0:57:12]}
12. d5 {[%clk 0:53:11]} Ne5 {[%clk 0:38:46]} 13. Qh3 {[%clk 0:50:30]} Nxd3
{[%clk 0:38:49]} 14. Qxd3 {[%clk 0:50:55]} O-O-O {[%clk 0:38:38]} 15. Qa3
{[%clk 0:48:49]} Bb8 {[%clk 0:37:20]} 16. Be3 {[%clk 0:47:09]} Nd7
{[%clk 0:35:15]} 17. dxe6 {[%clk 0:45:26]} fxe6 {[%clk 0:33:24]} 18. Rad1
{[%clk 0:41:12]} Rhe8 {[%clk 0:30:02]} 19. Ne4 {[%clk 0:40:07]} h6
{[%clk 0:23:37]} 20. Bxc5 {[%clk 0:34:52]} Nxc5 {[%clk 0:20:42]} 21. Qxc5+
{[%clk 0:35:06]} Qxc5 {[%clk 0:18:52]} 22. Nxc5 {[%clk 0:35:29]} Rxd1
{[%clk 0:17:58]} 23. Rxd1 {[%clk 0:35:54]} Kc7 {[%clk 0:15:05]} 24. b4
{[%clk 0:31:33]} Kc6 {[%clk 0:13:40]} 25. f3 {[%clk 0:30:35]} b6 {[%clk 0:13:40]}
26. Ne4 {[%clk 0:30:57]} Bf4 {[%clk 0:11:41]} 27. Kf2 {[%clk 0:30:44]} a6
{[%clk 0:11:31]} 28. g3 {[%clk 0:30:49]} Bc7 {[%clk 0:11:41]} 29. a4
{[%clk 0:29:35]} Rd8 {[%clk 0:06:48]} 30. Rxd8 {[%clk 0:28:43]} Bxd8
{[%clk 0:07:13]} 31. Ke3 {[%clk 0:27:05]} Be7 {[%clk 0:05:05]} 32. b5+
{[%clk 0:27:13]} axb5 {[%clk 0:05:25]} 33. axb5+ {[%clk 0:27:22]} Kc7
{[%clk 0:05:33]} 34. Kd4 {[%clk 0:26:50]} Bf6+ {[%clk 0:05:08]} 35. Nxf6
{[%clk 0:25:15]} gxf6 {[%clk 0:05:34]} 36. c5 {[%clk 0:25:28]} bxc5+
{[%clk 0:05:34]} 37. Kxc5 {[%clk 0:25:50]} e5 {[%clk 0:05:47]} 38. g4 1-0

[Event "2016 South Wales International"]
[Site "Cardiff"]
[Date "2016.07.08"]
[Round "3"]
[Board "17"]
[White "O`rourke, Kevin"]
[Black "Whitehead, Mark A"]
[Result "0-1"]
[WhiteElo "1367"]
[BlackElo "1969"]
[PlyCount "70"]
[EventDate "2016.07.07"]
[EventRounds "10"]
[EventCountry "WLS"]

1. e4 c5 2. Nf3 e6 3. e5 Nc6 4. d3 Qc7 5. Bf4 Nge7 6. Nc3 Ng6 7. Nb5 Qa5+ 8.
Nc3 Nxf4 9. Qd2 Nd5 10. O-O-O Nxc3 11. Qxc3 Qxc3 12. bxc3 d5 13. exd6 Bxd6 14.
g3 Bd7 15. Nd2 O-O-O 16. Bh3 h5 17. Ne4 Be7 18. c4 f5 19. Nc3 Nd4 20. Kb1 g5
21. Bg2 Bf6 22. Rhe1 h4 23. Nb5 Nxb5 24. cxb5 hxg3 25. hxg3 Rh2 26. Bh1 Rxf2
27. a4 Rh8 28. Bc6 bxc6 29. bxc6 Bxc6 30. Rxe6 Bxa4 31. Rxf6 Bxc2+ 32. Kc1 Bxd1
33. Rc6+ Kb7 34. Rxc5 Bb3 35. Ra5 Rh1# 0-1

[Event "2016 South Wales International"]
[Site "Cardiff"]
[Date "2016.07.08"]
[Round "3"]
[Board "18"]
[White "Morcom, Huw"]
[Black "Bridges, Paul"]
[Result "1/2-1/2"]
[WhiteElo "1952"]
[BlackElo "1812"]
[PlyCount "61"]
[EventDate "2016.07.07"]
[EventRounds "10"]
[EventCountry "WLS"]

1. e4 c5 2. Nf3 e6 3. d3 Nc6 4. g3 d6 5. Bg2 g6 6. O-O Bg7 7. Nbd2 Nf6 8. Re1
O-O 9. Nf1 Qc7 10. c3 b6 11. Bg5 Bb7 12. h4 Rfe8 13. N1h2 h6 14. Be3 d5 15. e5
Nd7 16. d4 cxd4 17. cxd4 Rac8 18. Qd2 Kh7 19. Rac1 Qb8 20. Bf1 a6 21. Bd3 Ne7
22. Ng4 Ng8 23. h5 Rxc1 24. Rxc1 Rc8 25. Nh4 Nf8 26. Bf4 Rxc1+ 27. Qxc1 Qc8 28.
Qb1 Qe8 29. Qc1 Qc8 30. Qd2 a5 31. Kh2 1/2-1/2

[Event "2016 South Wales International"]
[Site "Cardiff"]
[Date "2016.07.08"]
[Round "3"]
[Board "19"]
[White "Jaberansari, Daniel"]
[Black "Davis, Lee"]
[Result "0-1"]
[WhiteElo "1265"]
[BlackElo "1946"]
[PlyCount "70"]
[EventDate "2016.07.07"]
[EventRounds "10"]
[EventCountry "WLS"]

1. e4 g6 2. d4 d6 3. Nf3 Bg7 4. Be3 Nf6 5. Nbd2 Nc6 6. Bd3 Ng4 7. Bb5 Nxe3 8.
Bxc6+ bxc6 9. fxe3 Ba6 10. c3 Qb8 11. Qa4 Qb5 12. Qxb5 Bxb5 13. a3 O-O 14. Kf2
a5 15. Rhc1 Rfb8 16. Ra2 Ba4 17. Rb1 Rb7 18. Ne1 Rab8 19. g3 c5 20. Kf3 Bc6 21.
Nd3 f5 22. dxc5 fxe4+ 23. Nxe4 Rf8+ 24. Nf4 g5 25. cxd6 cxd6 26. b4 gxf4 27.
exf4 Bxc3 28. Rc1 Bxe4+ 29. Kxe4 axb4 30. axb4 Rxb4+ 31. Kd5 Bf6 32. Rac2 Kf7
33. Rc7 Ra8 34. R7c4 Ra5+ 35. Ke4 d5+ 0-1

[Event "2016 South Wales International"]
[Site "Cardiff"]
[Date "2016.07.08"]
[Round "3"]
[Board "20"]
[White "James, Dai"]
[Black "Robertson, Jim"]
[Result "1-0"]
[WhiteElo "1926"]
[BlackElo "1649"]
[PlyCount "96"]
[EventDate "2016.07.07"]
[EventRounds "10"]
[EventCountry "WLS"]

1. e4 c6 2. d4 d5 3. exd5 cxd5 4. c4 Nf6 5. Nc3 dxc4 6. Bxc4 e6 7. Nf3 Nc6 8.
O-O Be7 9. Re1 O-O 10. Bf4 a6 11. Qd2 b5 12. Bb3 Ra7 13. Qe3 Qb6 14. Bg3 Na5
15. Bc2 Nc4 16. Qe2 Rd7 17. b3 Bb4 18. Ne4 Na3 19. Nxf6+ gxf6 20. Bxh7+ Kg7 21.
Red1 Rfd8 22. Be4 Bb7 23. Rac1 Bd5 24. Qe3 Kf8 25. Bh4 Be7 26. Qh6+ Ke8 27.
Qh8+ Bf8 28. Bxd5 Rxd5 29. Bxf6 Ra8 30. Bg7 Qd6 31. Bxf8 Qxf8 32. Qxf8+ Kxf8
33. Rc5 Rd6 34. Rdc1 Rdd8 35. Kf1 b4 36. Rh5 Kg7 37. Rc7 Nb5 38. Rc4 Nc3 39. a3
a5 40. g3 Rac8 41. Rhc5 Rxc5 42. Rxc5 a4 43. axb4 Ne4 44. Re5 Nc3 45. bxa4 Nxa4
46. Rb5 Nc3 47. Rb7 Nd5 48. Ne5 Rf8 1-0

[Event "2016 South Wales International"]
[Site "Cardiff"]
[Date "2016.07.08"]
[Round "3"]
[Board "21"]
[White "Mccarthy, Damian"]
[Black "Hurn, Robert Aj"]
[Result "1-0"]
[WhiteElo "1878"]
[BlackElo "1623"]
[PlyCount "65"]
[EventDate "2016.07.07"]
[EventRounds "10"]
[EventCountry "WLS"]

1. e4 c5 2. Nf3 d6 3. d4 cxd4 4. Nxd4 Nf6 5. Nc3 g6 6. Be3 Bg7 7. f3 O-O 8. Qd2
Nc6 9. Bc4 Bd7 10. O-O-O Ne5 11. Bb3 Rc8 12. Kb1 Nc4 13. Bxc4 Rxc4 14. g4 b5
15. b3 Rc8 16. Ndxb5 a6 17. Nd4 Qc7 18. Nd5 Nxd5 19. exd5 Rfe8 20. h4 Qb7 21.
Ne2 Rc7 22. h5 Rec8 23. Rc1 Bb5 24. hxg6 hxg6 25. Nf4 f5 26. Ne6 Rxc2 27. Rxc2
Rxc2 28. Kxc2 Qc8+ 29. Kb1 Be5 30. gxf5 a5 31. Bd4 a4 32. Bxe5 dxe5 33. Rh8+
 1-0

[Event "2016 South Wales International"]
[Site "Cardiff"]
[Date "2016.07.08"]
[Round "3"]
[Board "22"]
[White "Cresswell, Mike J"]
[Black "Orton, Paul"]
[Result "1/2-1/2"]
[WhiteElo "1770"]
[BlackElo "1595"]
[PlyCount "41"]
[EventDate "2016.07.07"]
[EventRounds "10"]
[EventCountry "WLS"]

1. e4 c5 2. Nf3 g6 3. d4 cxd4 4. Nxd4 Nc6 5. Be3 Nf6 6. f3 Bg7 7. Qd2 O-O 8.
Nc3 d6 9. O-O-O Bd7 10. Nde2 Rc8 11. Bh6 Qa5 12. Bxg7 Kxg7 13. a3 Ne5 14. Nf4
Nc4 15. Bxc4 Rxc4 16. Nfd5 Nxd5 17. Qxd5 Qxd5 18. Nxd5 e6 19. Ne3 Rc6 20. Rd2
Kf6 21. Rhd1 1/2-1/2

[Event "2016 South Wales International"]
[Site "Cardiff"]
[Date "2016.07.08"]
[Round "3"]
[Board "23"]
[White "Harris, Calum"]
[Black "Bonutto, Stephen"]
[Result "1-0"]
[WhiteElo "1675"]
[BlackElo "1391"]
[PlyCount "61"]
[EventDate "2016.07.07"]
[EventRounds "10"]
[EventCountry "WLS"]

1. c4 e6 2. g3 Nf6 3. Nc3 d5 4. cxd5 exd5 5. Bg2 Be7 6. e3 O-O 7. Nge2 Re8 8.
Qb3 c6 9. O-O Nbd7 10. d4 b6 11. Bd2 Bb7 12. Rfc1 Rc8 13. Nf4 Bd6 14. Nd3 Qe7
15. f4 Bb4 16. Qxb4 c5 17. dxc5 Nxc5 18. Nxc5 bxc5 19. Qa3 d4 20. exd4 Bxg2 21.
Kxg2 cxd4 22. Qxe7 Rxe7 23. Nd5 Re2+ 24. Kf3 Rce8 25. Nxf6+ gxf6 26. Re1 d3 27.
Rxe2 Rxe2 28. Rd1 Rxh2 29. Bc3 f5 30. Rxd3 h5 31. Rd2 1-0

[Event "2016 South Wales International"]
[Site "Cardiff"]
[Date "2016.07.08"]
[Round "3"]
[Board "24"]
[White "Cox, John"]
[Black "Thomas, Roy"]
[Result "0-1"]
[WhiteElo "1469"]
[BlackElo "1751"]
[PlyCount "80"]
[EventDate "2016.07.07"]
[EventRounds "10"]
[EventCountry "WLS"]

1. e4 c5 2. Nf3 Nc6 3. d4 cxd4 4. Nxd4 e5 5. Nf3 Be7 6. c4 Nf6 7. Nc3 O-O 8.
Be2 d6 9. O-O a6 10. Bg5 Ne8 11. Bxe7 Nxe7 12. Nxe5 f5 13. c5 Be6 14. cxd6 Nxd6
15. exf5 Rxf5 16. Qd4 Rf8 17. Rad1 Ndf5 18. Qb4 Qc7 19. Nc4 Nc6 20. Qb6 Qe7 21.
Rd2 Nfd4 22. Na5 Qg5 23. Ne4 Qxa5 24. Qxa5 Nxe2+ 25. Rxe2 Nxa5 26. Nd6 Bc4 27.
Nxc4 Nxc4 28. b3 Nd6 29. Rd1 Nb5 30. Re7 Rf7 31. Rdd7 Rxe7 32. Rxe7 Rb8 33. g3
Kf8 34. Rd7 Nc3 35. Rd2 Ke7 36. Rc2 Rc8 37. Kg2 Rc6 38. h4 b5 39. h5 b4 40. g4
Re6 0-1

[Event "2016 South Wales International"]
[Site "Cardiff"]
[Date "2016.07.08"]
[Round "3"]
[Board "25"]
[White "Jones, Jeremy"]
[Black "Chapman, Dafydd"]
[Result "1-0"]
[WhiteElo "1595"]
[BlackElo "1392"]
[PlyCount "55"]
[EventDate "2016.07.07"]
[EventRounds "10"]
[EventCountry "WLS"]

1. e4 c5 2. Nf3 d6 3. d4 cxd4 4. Nxd4 Nf6 5. Nc3 g6 6. Bb5+ Nbd7 7. O-O Bg7 8.
Be3 O-O 9. f4 a6 10. Bd3 Nc5 11. f5 b5 12. fxg6 hxg6 13. Be2 Bb7 14. h4 Ncxe4
15. Nxe4 Bxe4 16. h5 Rc8 17. hxg6 Bxg6 18. c3 Ne4 19. Nf5 Bxf5 20. Rxf5 Ng3 21.
Rg5 Nxe2+ 22. Qxe2 f6 23. Rg6 Rf7 24. Kf2 Qd7 25. Qh5 f5 26. Bh6 e5 27. Rh1 Kf8
28. Bxg7+ 1-0

[Event "2016 South Wales International"]
[Site "Cardiff"]
[Date "2016.07.09"]
[Round "4"]
[Board "1"]
[White "Rudd, Jack"]
[Black "Petrov, Marian"]
[Result "0-1"]
[WhiteElo "2213"]
[BlackElo "2461"]
[PlyCount "0"]
[EventDate "2016.07.07"]
[EventRounds "10"]
[EventCountry "WLS"]

1. d4 {[%clk 1:30:59]} c5 {[%clk 1:28:53]} 2. d5 {[%clk 1:31:21]} g6
{[%clk 1:29:16]} 3. c4 {[%clk 1:31:41]} Bg7 {[%clk 1:29:40]} 4. Nc3
{[%clk 1:32:05]} d6 {[%clk 1:29:51]} 5. e4 {[%clk 1:32:24]} e6 {[%clk 1:29:53]}
6. Nf3 {[%clk 1:32:00]} exd5 {[%clk 1:30:00]} 7. cxd5 {[%clk 1:32:23]} a6
{[%clk 1:30:21]} 8. a4 {[%clk 1:32:47]} Bg4 {[%clk 1:30:37]} 9. Be2
{[%clk 1:33:04]} Bxf3 {[%clk 1:30:45]} 10. Bxf3 {[%clk 1:33:25]} Nd7
{[%clk 1:31:10]} 11. O-O {[%clk 1:33:46]} Ne7 {[%clk 1:30:40]} 12. Bf4
{[%clk 1:33:31]} Ne5 {[%clk 1:30:46]} 13. Be2 {[%clk 1:33:54]} O-O
{[%clk 1:29:38]} 14. Bg3 {[%clk 1:31:38]} f5 {[%clk 1:23:13]} 15. f4
{[%clk 1:30:54]} Nf7 {[%clk 1:21:49]} 16. e5 {[%clk 1:30:13]} dxe5
{[%clk 1:22:06]} 17. fxe5 {[%clk 1:30:36]} Nxe5 {[%clk 1:18:40]} 18. d6
{[%clk 1:30:48]} N7c6 {[%clk 1:19:01]} 19. Qd5+ {[%clk 1:30:27]} Nf7
{[%clk 1:16:06]} 20. Bc4 {[%clk 1:29:10]} Qd7 {[%clk 0:49:25]} 21. Rad1
{[%clk 1:23:59]} b6 {[%clk 0:46:49]} 22. Rfe1 {[%clk 1:20:20]} Kh8
{[%clk 0:45:51]} 23. Re6 {[%clk 1:14:59]} Rad8 {[%clk 0:37:08]} 24. Rde1
{[%clk 1:13:00]} Bd4+ {[%clk 0:35:25]} 25. Kh1 {[%clk 1:12:47]} Nb4
{[%clk 0:35:32]} 26. Qf3 {[%clk 1:13:05]} Ng5 {[%clk 0:35:15]} 27. Qf4
{[%clk 1:12:10]} Nxe6 {[%clk 0:34:50]} 28. Bxe6 {[%clk 1:11:57]} Qg7
{[%clk 0:34:19]} 29. h4 {[%clk 1:10:32]} Nd3 {[%clk 0:33:58]} 0-1

[Event "2016 South Wales International"]
[Site "Cardiff"]
[Date "2016.07.09"]
[Round "4"]
[Board "3"]
[White "Chatalbashev, Boris"]
[Black "Marusenko, Petr"]
[Result "1-0"]
[WhiteElo "2545"]
[BlackElo "2226"]
[PlyCount "0"]
[EventDate "2016.07.07"]
[EventRounds "10"]
[EventCountry "WLS"]

1. d4 {[%clk 1:30:49]} f5 {[%clk 1:30:50]} 2. g3 {[%clk 1:31:13]} Nf6
{[%clk 1:31:13]} 3. Bg2 {[%clk 1:31:39]} g6 {[%clk 1:31:39]} 4. Nf3
{[%clk 1:31:57]} Bg7 {[%clk 1:31:57]} 5. b4 {[%clk 1:32:22]} c6 {[%clk 1:32:23]}
6. c4 {[%clk 1:31:36]} d5 {[%clk 1:30:45]} 7. Nbd2 {[%clk 1:31:33]} a5
{[%clk 1:30:57]} 8. b5 {[%clk 1:31:40]} Ne4 {[%clk 1:29:59]} 9. a4
{[%clk 1:27:31]} Be6 {[%clk 1:28:35]} 10. Bb2 {[%clk 1:26:13]} Nd7
{[%clk 1:28:16]} 11. Rc1 {[%clk 1:21:41]} O-O {[%clk 1:24:34]} 12. O-O
{[%clk 1:16:19]} Rc8 {[%clk 1:24:28]} 13. cxd5 {[%clk 1:08:35]} Bxd5
{[%clk 1:16:12]} 14. Nxe4 {[%clk 1:05:31]} fxe4 {[%clk 1:14:45]} 15. Ng5
{[%clk 1:02:04]} cxb5 {[%clk 1:06:05]} 16. axb5 {[%clk 0:43:28]} Nf6
{[%clk 1:01:12]} 17. Bh3 {[%clk 0:42:48]} Rxc1 {[%clk 1:01:18]} 18. Bxc1
{[%clk 0:43:14]} Qb6 {[%clk 1:01:35]} 19. Ba3 {[%clk 0:43:30]} Qxb5
{[%clk 0:45:09]} 20. Ne6 {[%clk 0:43:42]} Bxe6 {[%clk 0:43:13]} 21. Bxe6+
{[%clk 0:44:07]} Kh8 {[%clk 0:43:39]} 22. d5 {[%clk 0:44:22]} Re8
{[%clk 0:40:20]} 23. Qd2 {[%clk 0:39:17]} b6 {[%clk 0:26:06]} 24. Rc1
{[%clk 0:37:29]} e3 {[%clk 0:22:38]} 25. Qxe3 {[%clk 0:33:46]} Nxd5
{[%clk 0:21:35]} 26. Qg5 {[%clk 0:33:59]} Qa4 {[%clk 0:18:18]} 27. Bxd5
{[%clk 0:11:47]} Qxa3 {[%clk 0:17:48]} 28. Rc6 {[%clk 0:12:12]} Bf6
{[%clk 0:12:33]} 29. Qg4 {[%clk 0:10:14]} Qa1+ {[%clk 0:09:49]} 30. Kg2
{[%clk 0:10:40]} Qd4 {[%clk 0:10:02]} 31. e4 {[%clk 0:07:51]} Kg7
{[%clk 0:07:14]} 32. Qe6 {[%clk 0:06:47]} Rf8 {[%clk 0:07:12]} 33. Rc7
{[%clk 0:05:55]} Kh8 {[%clk 0:06:04]} 34. Rc8 {[%clk 0:05:10]} Rxc8
{[%clk 0:06:28]} 35. Qxc8+ {[%clk 0:05:36]} Kg7 {[%clk 0:06:51]} 36. Qg8+
{[%clk 0:04:16]} Kh6 {[%clk 0:07:18]} 37. Qf8+ {[%clk 0:04:36]} Bg7
{[%clk 0:07:27]} 38. Qxe7 {[%clk 0:04:45]} Qf6 {[%clk 0:07:48]} 39. Qd7
{[%clk 0:05:03]} Bf8 {[%clk 0:08:06]} 40. h4 {[%clk 0:00:41]} Bc5
{[%clk 0:03:58]} 41. f4 {[%clk 0:19:49]} Qd4 {[%clk 0:32:13]} 42. e5
{[%clk 0:17:41]} Qg1+ {[%clk 0:32:00]} 43. Kh3 {[%clk 0:18:06]} Bf2
{[%clk 0:32:23]} 44. Bg2 {[%clk 0:13:43]} Qe1 {[%clk 0:29:35]} 45. Qe7
{[%clk 0:11:26]} Bc5 {[%clk 0:28:50]} 46. Qg5+ {[%clk 0:11:51]} Kg7
{[%clk 0:29:17]} 47. Qf6+ {[%clk 0:12:16]} Kh6 {[%clk 0:27:40]} 48. f5
{[%clk 0:12:07]} Qe3 {[%clk 0:27:36]} 49. fxg6 {[%clk 0:12:09]} 1-0

[Event "2016 South Wales International"]
[Site "Cardiff"]
[Date "2016.07.09"]
[Round "4"]
[Board "5"]
[White "Nielsen, Lars Aaes"]
[Black "Brown, Thomas"]
[Result "1-0"]
[WhiteElo "2234"]
[BlackElo "2107"]
[PlyCount "0"]
[EventDate "2016.07.07"]
[EventRounds "10"]
[EventCountry "WLS"]

1. e4 {[%clk 1:30:58]} c6 {[%clk 1:24:00]} 2. c4 {[%clk 1:31:12]} g6
{[%clk 1:24:02]} 3. d4 {[%clk 1:31:00]} Bg7 {[%clk 1:24:21]} 4. Nc3
{[%clk 1:31:06]} d6 {[%clk 1:24:42]} 5. Be3 {[%clk 1:30:55]} a6 {[%clk 1:24:43]}
6. a4 {[%clk 1:28:11]} a5 {[%clk 1:23:57]} 7. Be2 {[%clk 1:28:33]} Na6
{[%clk 1:23:33]} 8. g4 {[%clk 1:27:09]} e5 {[%clk 1:16:29]} 9. d5
{[%clk 1:26:26]} Nb4 {[%clk 1:05:58]} 10. h4 {[%clk 1:23:08]} h6 {[%clk 0:53:20]}
11. Qd2 {[%clk 1:21:03]} Nf6 {[%clk 0:43:44]} 12. f3 {[%clk 1:20:50]} cxd5
{[%clk 0:42:55]} 13. cxd5 {[%clk 1:20:43]} h5 {[%clk 0:42:59]} 14. g5
{[%clk 1:18:19]} Nd7 {[%clk 0:42:48]} 15. Bb5 {[%clk 1:09:09]} O-O
{[%clk 0:42:05]} 16. Nge2 {[%clk 1:04:10]} f5 {[%clk 0:37:57]} 17. O-O
{[%clk 1:01:20]} Nc5 {[%clk 0:35:45]} 18. Bxc5 {[%clk 0:45:25]} dxc5
{[%clk 0:36:09]} 19. d6 {[%clk 0:44:19]} Be6 {[%clk 0:33:19]} 20. d7
{[%clk 0:38:41]} Rf7 {[%clk 0:27:45]} 21. Qd6 {[%clk 0:36:36]} Qe7
{[%clk 0:26:47]} 22. Rad1 {[%clk 0:36:51]} Rd8 {[%clk 0:25:25]} 23. Qb6
{[%clk 0:36:03]} Kh7 {[%clk 0:21:21]} 24. Rd6 {[%clk 0:35:25]} Bxd7
{[%clk 0:20:28]} 25. Bc4 {[%clk 0:33:16]} Rff8 {[%clk 0:20:49]} 26. Rxg6
{[%clk 0:33:36]} Bc6 {[%clk 0:21:12]} 27. Re6 {[%clk 0:32:34]} Qd7
{[%clk 0:20:01]} 28. exf5 {[%clk 0:30:44]} Rxf5 {[%clk 0:17:34]} 29. Rd1
{[%clk 0:19:24]} Qxd1+ {[%clk 0:17:12]} 30. Nxd1 {[%clk 0:19:50]} Rxd1+
{[%clk 0:17:37]} 31. Kg2 {[%clk 0:19:54]} Bxf3+ {[%clk 0:13:15]} 32. Kg3
{[%clk 0:18:14]} Bc6 {[%clk 0:12:07]} 33. g6+ {[%clk 0:14:22]} Kh8
{[%clk 0:11:45]} 34. Rxc6 {[%clk 0:11:45]} bxc6 {[%clk 0:11:07]} 35. Bf7
{[%clk 0:10:41]} Bf6 {[%clk 0:04:32]} 36. Be6 {[%clk 0:09:13]} Rd3+
{[%clk 0:02:40]} 37. Kg2 {[%clk 0:09:14]} Rff3 {[%clk 0:01:02]} 38. Qb8+
{[%clk 0:09:28]} Bd8 {[%clk 0:00:37]} 39. Qxe5+ {[%clk 0:09:42]} Bf6
{[%clk 0:00:49]} 40. Qxh5+ {[%clk 0:10:04]} 1-0